Atos administrativos inválidos / (Record no. 366)

MARC details
000 -LÍDER
Campo Fixo de Controle 00729nam a2200241 a 4500
001 - NÚMERO DE CONTROLE
Campo de Controle 366
003 - IDENTIFICAÇÃO DO NÚMERO DE CONTROLE
Campo de Controle BR-CuiBMT
005 - DATA E HORA DA ÚLTIMA ATUALIZAÇÃO
Campo de Controle 20231101234957.0
008 - DADOS FIXOS
Dados Fixos 231101s2012 mgb 000 0 por d
020 ## - INTERNATIONAL STANDARD BOOK NUMBER
Nº do ISBN 9788577005680
040 ## - AGÊNCIA CATALOGADORA
Código da Agência Catalogadora BR-CuiBMT
Agência que transcreveu o registro BR-CuiBMT
080 ## - Nº DA CLASSIFICAÇÃO DECIMAL UNIVERSAL
Nº edição CDU 2007
Nº Class. CDU 342.9
090 ## - NÚMERO DE CHAMADA
Nº classificação 342.9
Cutter S729a
100 1# - ENTRADA PRINCIPAL -- AUTOR PESSOAL
Nome pessoal Souza, Eduardo Stevanato Pereira de
245 0# - TÍTULO PRINCIPAL
Título principal Atos administrativos inválidos /
Indicação de responsabilidade Eduardo Stevanato Pereira de Souza ; Silvio Luís Ferreira da Rocha, prefácio.
260 ## - PUBLICAÇÃO, DISTRIBUIÇÃO, ETC.
Local de publicação Belo Horizonte :
Editora Fórum,
Data 2012.
300 ## - DESCRIÇÃO FÍSICA
N. páginas ou volumes 208 p.:
Dimensões 22 cm
504 ## - NOTA DE BIBLIOGRAFIA, ETC.
Nota de bibliografia Inclui bibliografia.
650 ## - ASSUNTO TÓPICO
Cabeçalho tópico ou nome geográfico Atos administrativos
650 ## - ASSUNTO TÓPICO
Cabeçalho tópico ou nome geográfico Direito administrativo
650 ## - ASSUNTO TÓPICO
Cabeçalho tópico ou nome geográfico Direito público
942 ## - ELEMENTOS DE ENTRADA ADICIONAIS (KOHA)
Fonte de classificação ou esquema de arquivamento Classificação Decimal Universal
Tipo de item do Koha Livros
Holdings
Estado: removido Estado: perdido Fonte de classificação ou esquema de arquivamento Estado: danificado Indisponível para empréstimo Localização permanente Localização atual Data de aquisição Total Checkouts Número de Chamada completo Código de barras Date last seen Número do exemplar Preço efetivo a partir de Tipo de item (Koha)
    Classificação Decimal Universal     Biblioteca da Escola Superior de Contas do TCE/MT Biblioteca da Escola Superior de Contas do TCE/MT 13/08/2019   342.9 S729a BIBTCEMT23110061 01/11/2023 Ex. 1 01/11/2023 Livros
    Classificação Decimal Universal     Biblioteca da Escola Superior de Contas do TCE/MT Biblioteca da Escola Superior de Contas do TCE/MT 13/08/2019   342.9 S729a BIBTCEMT23110062 01/11/2023 Ex. 2 01/11/2023 Livros

Powered by Koha